000 00323nam a2200145Ia 4500
008 230718s9999 xx 000 0 und d
041 _aEng.
082 _a340
_bSAE-S
100 _aSaeed, Malik M (ed)
245 0 _aSLD (1978)
260 _aPakistan
_bPakistan bed
_c1878
300 _a207
650 _aLaw
999 _c26996
_d26996